000 01098cam a22002535a 4500
005 20260312161823.0
008 260312t2024 xxk fo 000 0 fre d
020 _a9781783215485
041 0 _afre
110 2 _aRoyal Institution of Chartered Surveyors
_94900
245 0 0 _aÉvaluation selon la RICS – Normes internationales
_h[electronic resource]
246 _aFrench translation of RICS Valuation Global Standards
260 _aLondon,
_bRICS,
_cDecember 2024
300 _a132p.
490 _aRICS Red Book
500 _aLa version en langue anglaise des normes internationales de l'expertise publiées par la RICS est la seule version officielle de ces normes et constituera la référence définitive à des fins réglementaires
520 _aPublished December 2024, effective from 31 Jan 2025
650 2 4 _aRED BOOK
650 2 4 _aGLOBAL VALUATION STANDARDS 2022
651 4 _aInternational
690 _aValuation
_96273
856 4 0 _uhttps://www.rics.org/content/dam/ricsglobal/documents/standards/Red-Book-global-French.pdf
_zAvailable on RICS.org
942 _n0
_2ddc
999 _c122322
_d122322